Saggi in materia di hereditatis petitio

Պահպանված է:
Մատենագիտական մանրամասներ
Հիմնական հեղինակ: Paola, Santi di (autore)
Ձևաչափ: Գիրք
Լեզու:իտալերեն
Հրապարակվել է: Milán Dott. Antonino Giuffrè 1954
Շարք:Pubblicazioni della Facoltà di Giurisprudenza, 22
Խորագրեր:
Ցուցիչներ: Ավելացրեք ցուցիչ
Չկան պիտակներ, Եղեք առաջինը, ով նշում է այս գրառումը!

MARC

LEADER 00000nam a2200000 a 4500
001 UCR0982
003 CL-VaPUC
008 971205e19540000IT |||||||||||||||||ita|d
082 0 4 |a 340.54  |b PAO  |2 21 
100 |a Paola, Santi di  |e autore  |9 397637 
245 1 0 |a Saggi in materia di hereditatis petitio 
300 |a 123 p 
942 |c BK 
945 |d 19971205 00:00:00  |a aolguin 
260 |a Milán  |b Dott. Antonino Giuffrè  |c 1954 
650 0 |a Derecho romano  |9 255930 
650 7 |a DERECHO HEREDITARIO  |2 CL-VaPUC  |9 397673 
650 0 |a Herencia  |9 256325 
650 0 |a Posesión   |9 258681 
650 0 |a Historia  |9 255047 
650 7 |a LEGISLACION  |2 CL-VaPUC  |9 397674 
583 |a last modification  |c 19971205 00:00:00  |k Rodrigo Vera 
490 0 |a Pubblicazioni della Facoltà di Giurisprudenza, 22 
999 |c 264477  |d 264475 
952 |0 0  |1 0  |4 0  |6 340_540000000000000_PAO_1954  |7 0  |8 DER_ROM  |9 294758  |a BIBDER  |b BIBDER  |d 2019-11-19  |i 1909878  |o 340.54 PAO 1954  |p 1909878  |r 2023-01-25  |w 2019-11-19  |x Ubicación 4to piso  |y BK  |z Este recurso debe solicitarse con anticipación  |k DER